| 000 | 01205nam a2200337 i 4500 | ||
|---|---|---|---|
| 001 | 7791 | ||
| 003 | KOSZ 005 | ||
| 005 | 20220526104900.0 | ||
| 008 | 170522s1968 pl a f 001 0 pol | ||
| 040 |
_cKOSZ 005/RW _dKOSZ 005/RW _dKOSZ 005/HR |
||
| 046 | _k1968 | ||
| 080 | _a159.9.01 | ||
| 245 | 0 |
_aMetody badań psychologicznych. _nT. 1 / _cpod red. Lidii Wołoszynowej ; [napisali Teresa Ciecierska et al.]. |
|
| 250 | _aWyd. 2. | ||
| 260 |
_aWarszawa : _bPaństwowe Wydawnictwo Naukowe, _c1968. |
||
| 300 |
_a500, [2] s. : _bil. ; _c25 cm. |
||
| 380 | _aKsiążki | ||
| 388 | _a1901-2000 | ||
| 388 | _a1945-1989 | ||
| 490 | 1 | _aMateriały do nauczania psychologii. Seria 3. | |
| 504 | _aBibliogr. przy rozdz. Indeks. | ||
| 650 | 7 | _aPsychologia | |
| 650 | 7 | _aMetody badawcze | |
| 658 | _aPsychologia | ||
| 700 | 1 |
_aCiecierska, Teresa _eAutor |
|
| 700 | 1 |
_aWołoszynowa, Lidia _d(1911-2000) _eRedakcja |
|
| 710 | 2 |
_aPaństwowe Wydawnictwo Naukowe _4pbl. |
|
| 830 | 0 |
_aMateriały do nauczania psychologii. _nSeria 3 |
|
| 856 |
_uhttp://koha.tu.koszalin.pl/cgi-bin/koha/opac-detail.pl?biblionumber=7791 _yKatalog online BPK |
||
| 942 |
_cKS _2UKD |
||
| 999 |
_c7791 _d7791 |
||